The domestic world : (Record no. 41042)

MARC details
000 -LEADER
fixed length control field 00625nam a2200229 i 4500
001 - CONTROL NUMBER
control field C2-0131846
003 - CONTROL NUMBER IDENTIFIER
control field PPAK
005 - DATE AND TIME OF LATEST TRANSACTION
control field 20180727122614.0
008 - FIXED-LENGTH DATA ELEMENTS--GENERAL INFORMATION
fixed length control field 971018s1991 njua|||| ||||| | eng d
020 ## - INTERNATIONAL STANDARD BOOK NUMBER
International Standard Book Number 0809466848
040 ## - CATALOGING SOURCE
Original cataloging agency PPAK
Language of cataloging eng
Transcribing agency PPAK
Description conventions rda
082 04 - DEWEY DECIMAL CLASSIFICATION NUMBER
Classification number 307.336
Edition number 23
090 00 - LOCALLY ASSIGNED LC-TYPE CALL NUMBER (OCLC); LOCAL CALL NUMBER (RLIN)
Classification number (OCLC) (R) ; Classification number, CALL (RLIN) (NR) 307.336
Feature heading DOM
Feature heading R
245 04 - TITLE STATEMENT
Title The domestic world :
Remainder of title Time Frame
264 #1 - PRODUCTION, PUBLICATION, DISTRIBUTION, MANUFACTURE, AND COPYRIGHT NOTICE
Place of production, publication, distribution, manufacture New Jersey :
Name of producer, publisher, distributor, manufacturer Time Life Books ,
Date of production, publication, distribution, manufacture, or copyright notice 1991
300 ## - PHYSICAL DESCRIPTION
Extent 176 pages :
Other physical details colour illustrations ;
Dimensions 28 cm
336 ## - CONTENT TYPE
Source rdacontent
Content type term text
337 ## - MEDIA TYPE
Source rdamedia
Media type term unmediated
338 ## - CARRIER TYPE
Source rdacarrier
Carrier type term volume
650 10 - SUBJECT ADDED ENTRY--TOPICAL TERM
Topical term or geographic name entry element Home- History
942 ## - ADDED ENTRY ELEMENTS (KOHA)
-- dc
Koha item type Book
Holdings
Withdrawn Not for loan Current library Shelving location Date acquired Full call number Barcode Date last seen Koha item type
  Not For Loan Perpustakaan Alor Setar Rujukan Dewasa 18/10/1997 R 307.336 DOM A00064924 08/05/2018 Book
  Not For Loan Perpustakaan Jitra Rujukan Dewasa 18/10/1997 R 307.336 DOM A00064926 08/05/2018 Book
  Not For Loan Perpustakaan Kulim Rujukan Dewasa 18/10/1997 R 307.336 DOM A00064928 08/05/2018 Book
  Not For Loan Perpustakaan Yan Rujukan Dewasa 18/10/1997 R 307.336 DOM A00064929 08/05/2018 Book